A winter in California /

Bibliographic Details
Main Author: Wills, Mary H.
Format: Book
Language:English
Published: Norristown, Pa. : [Morgan R. Willis], 1889.
Subjects:

MARC

Tag First Indicator Second Indicator Subfields
LEADER 00000cam a2200000 i 4500
001 in00000018653
005 20151007054023.0
008 780808n1889 pau 00010 eng d
035 |a (OCoLC)04119955 
035 |9 AAB3716AM 
040 |a HDC  |c HDC  |d TXA  |d UtOrBLW 
049 |a TXAS  |c [A09877736] 
050 4 |a F866  |b .W55 1889 
100 1 |a Wills, Mary H. 
245 1 2 |a A winter in California /  |c by Mary H. Wills. 
264 1 |a Norristown, Pa. :  |b [Morgan R. Willis],  |c 1889. 
300 |a viii, 150 pages ;  |c 19 cm. 
336 |a text  |b txt  |2 rdacontent 
337 |a unmediated  |b n  |2 rdamedia 
338 |a volume  |b nc  |2 rdacarrier 
651 0 |a California  |x Description and travel. 
999 |a MARS 
999 f f |s 49bfbb84-2685-32cc-8485-ec36be6c8ce1  |i 16380147-079e-38f0-933f-2a9f1aac5ae1  |t 0 
952 f f |p noncirc  |a Texas A&M University  |b College Station  |c Cushing Memorial Library & Archives  |d Cushing: Dykes (Does not check out)  |t 0  |e F866 .W55 1889  |h Library of Congress classification  |i unmediated -- volume  |m A14851737404 
998 f f |a F866 .W55 1889  |t 0  |l Cushing: Dykes (Does not check out)